书目信息 |
| 题名: |
深层过滤理论与长纤维高速过滤器
|
|
| 作者: | 王世和 , 周飞 著 | |
| 分册: | ||
| 出版信息: | 北京 化学工业出版社 2008.02 |
|
| 页数: | 123页 | |
| 开本: | 24cm | |
| 丛书名: | ||
| 单 册: | ||
| 中图分类: | TU991.24 | |
| 科图分类: | ||
| 主题词: | 水过滤 | |
| 电子资源: | ||
| ISBN: | 978-7-80223-453-6 | |
| 000 | 00651nam0 2200205 450 | |
| 001 | 0838942647 | |
| 005 | 20081210151544.71 | |
| 010 | @a978-7-80223-453-6@dCNY28.00 | |
| 100 | @a20081209d2008 km y0chiy0120 ea | |
| 101 | 0 | @achi |
| 102 | @aCN@b110000 | |
| 200 | 1 | @a深层过滤理论与长纤维高速过滤器@Ashen ceng guo lu li lun yu chang xian wei gao su guo lu qi@f王世和,周飞等著@Fwang shi he,zhou fei deng zhu |
| 210 | @a北京@c化学工业出版社@d2008.02 | |
| 215 | @a123页@d24cm | |
| 606 | 0 | @a水过滤 |
| 690 | @aTU991.24@v4 | |
| 701 | 0 | @a王世和@Awang shi he@4著 |
| 701 | 0 | @a周飞@Azhou fei@4著 |
| 801 | 0 | @aCN@bNISOFT@c20081210 |
| 905 | @aBZT@dTU991.24@e1@f5 | |
| 深层过滤理论与长纤维高速过滤器/王世和,周飞等著.-北京:化学工业出版社,2008.02 |
| 123页;24cm |
| ISBN 978-7-80223-453-6:CNY28.00 |
| ● |
| 相关链接 |
|
|
|
正题名:深层过滤理论与长纤维高速过滤器
索取号:TU991.24/1
 
预约/预借
| 序号 | 登录号 | 条形码 | 馆藏地/架位号 | 状态 | 备注 |
| 1 | 0689037 | 2000689037 | 样本书库/样004架B面1层1列/ [索取号:TU991.24/1] | 在馆 | |
| 2 | 0689038 | 2000689038 | 中心书库中库/ 中库022架A面8列5层50/ [索取号:TU991.24/1] | 在馆 | |
| 3 | 0689039 | 2000689039 | 中心书库中库/ 中库022架A面8列5层49/ [索取号:TU991.24/1] | 在馆 | |
| 4 | 0689040 | 2000689040 | 中心书库中库/ 中库022架A面8列5层51/ [索取号:TU991.24/1] | 在馆 | |
| 5 | 0689041 | 2000689041 | 中心书库中库/ 中库022架A面8列5层44/ [索取号:TU991.24/1] | 在馆 |